| 000 | 00736nam a2200253 a 4500 | ||
|---|---|---|---|
| 001 | BRCA_353 | ||
| 005 | 20190320202954.0 | ||
| 008 | 780306s1977 enkaf b 001 0 eng | ||
| 020 | _a0713425105 | ||
| 040 |
_aDLC _cDLC _dDLC |
||
| 050 | 4 |
_aNK5306 _b.R49 1977 |
|
| 100 | 1 |
_aReyntiens, Patrick _91061 |
|
| 245 | 1 | 0 |
_aThe Technique of Stained Glass _cPatrick Reyntiens. |
| 260 |
_aLondres _bBatsford _c1977 |
||
| 300 |
_a168 p., [2] láminas a color _bil. _c26 cm. |
||
| 500 | _aIncluye índice de proveedores | ||
| 500 | _aIncluye glosario | ||
| 500 | _aDonación Consejo Británico | ||
| 504 | _aBibliografía: p. 159-160 | ||
| 650 | 1 | 4 |
_aFabricación del vidrio _91177 |
| 650 | 1 | 4 |
_aVitrales _91178 |
| 902 | _aDCB | ||
| 942 |
_2lcc _cB |
||
| 999 |
_c290 _d290 |
||